000 01471nam a2200289 a 4500
003 BLK
005 20240320005357.0
008 180410b bul|||||r ||||||| ||bul||
040 _aBLK
041 _aBUL
_cBUL
080 _aБългарска литература
_b821.163.2
_x-3
_z821.163.2-3
084 _aЗ 78
100 1 _aЗмей Горянин
_qДимитров, Светлозар Акендиев
_d1905-1958
_gПисател. Автор на учебни помагала. Преводач от църковнославянски език.
_970146
245 1 0 _aДухът на българина
_cЗмей Горянин ; предг. от Петър Боев.
250 _a2. изд.
257 _aBGR
260 _aСофия
_bб. и.
_c1944
_fСофия : печ. Подем
_9441842
300 _a60 с.
_c18 см
380 _aX
500 _aЗмей Горянин - псевд. на Светлозар Акендиев Димитров. 1. изд. 1941
700 1 _aБоев, Петър
_eпредг. от
_9334311
852 _aК 821.163.2/З-78
_bК
856 4 _qpdf
_i0.00
_linternal use only
_fДухът на българина
_uhttp://185.138.176.146:18082/cgi-bin/koha/opac-retrieve-file.pl?id=bbc5b3625f2d3a5753fe2ea77cdf2cd9
_xebook
_zДухът на българина
942 _cKNG
_n0
_s1
_01
944 _cНора Радева
_k
_lCRON CRON
999 _c495800
_d495800